[Event "Managua Hurtado Memorial 22nd"]
[Site "Managua"]
[Date "2022.12.30"]
[Round "8"]
[White "Garcia, Angie"]
[Black "Mejia Varela, Fernando Alexis"]
[Result "1/2-1/2"]
[WhiteElo "1925"]
[BlackElo "1794"]
[PlyCount "26"]
[EventDate "2022.12.26"]
[EventType "swiss"]
[EventRounds "9"]
[EventCountry "NCA"]
[SourceTitle "CBM 212 Extra"]
[Source "ChessBase"]
[SourceDate "2023.03.31"]
[SourceVersion "1"]
[SourceVersionDate "2023.03.31"]
[SourceQuality "1"]

1. e4 c5 2. Nc3 Nc6 3. Bb5 d6 4. f4 g6 5. Bxc6+ bxc6 6. Nf3 Nh6 7. h3 Bg7 8. g4 e6 9. 0-0 f5 10. g5 fxe4 11. gxh6 Bxc3 12. dxc3 exf3 13. Rxf3 0-0 1/2-1/2

[Event "FISU World University"]
[Site "Tornelo INT"]
[Date "2020.10.28"]
[Round "7.28"]
[White "Wu, Yuxuan"]
[Black "Mejia Varela, Fernando Alexis"]
[Result "1/2-1/2"]
[WhiteElo "2152"]
[BlackElo "1614"]
[PlyCount "81"]
[EventDate "2020.10.26"]
[EventType "team-swiss (rapid)"]
[EventRounds "9"]
[EventCountry "NET"]
[SourceTitle "CBM 199 Extra"]
[Source "ChessBase"]
[SourceDate "2021.01.31"]
[SourceVersion "1"]
[SourceVersionDate "2021.01.31"]
[SourceQuality "1"]
[WhiteTeam "China V"]
[BlackTeam "Honduras"]
[WhiteTeamCountry "CHN"]
[BlackTeamCountry "HON"]

1. b3 Nf6 2. Bb2 e6 3. Nf3 b6 4. e3 Bb7 5. d4 d5 6. Bd3 Be7 7. 0-0 Nbd7 8. Nbd2 c5 9. c4 Rc8 10. Rc1 h6 11. Qe2 0-0 12. Rfd1 Ne4 13. Ne5 Nxe5 14. dxe5 Nxd2 15. Rxd2 dxc4 16. Bh7+ Kxh7 17. Rxd8 Rfxd8 18. bxc4 Rd7 19. Rd1 Rxd1+ 20. Qxd1 Rd8 21. Qc2+ g6 22. f3 Bg5 23. Kf2 Kg7 24. Ke2 h5 25. Bc1 Bc6 26. g3 Rd7 27. f4 Bd8 28. Kf2 Be7 29. h3 Bd8 30. Bb2 Bc7 31. g4 hxg4 32. hxg4 Rd8 33. Kg3 Rh8 34. Qf2 Be4 35. Qe2 Rh1 36. Bc3 Rg1+ 37. Kh2 Rh1+ 38. Kg3 Rg1+ 39. Kh2 Rh1+ 40. Kg3 Rg1+ 41. Kh2 1/2-1/2

[Event "FISU World University"]
[Site "Tornelo INT"]
[Date "2020.10.26"]
[Round "2.3"]
[White "Mejia Varela, Fernando Alexis"]
[Black "Elias Reyes, Jorge Roberto"]
[Result "0-1"]
[WhiteElo "1614"]
[BlackElo "2428"]
[PlyCount "50"]
[EventDate "2020.10.26"]
[EventType "team-swiss (rapid)"]
[EventRounds "9"]
[EventCountry "NET"]
[SourceTitle "CBM 199 Extra"]
[Source "ChessBase"]
[SourceDate "2021.01.31"]
[SourceVersion "1"]
[SourceVersionDate "2021.01.31"]
[SourceQuality "1"]
[WhiteTeam "Honduras"]
[BlackTeam "Cuba"]
[WhiteTeamCountry "HON"]
[BlackTeamCountry "CUB"]

1. c4 Nf6 2. Nc3 c5 3. Nf3 Nc6 4. g3 g6 5. Bg2 Bg7 6. 0-0 0-0 7. d4 cxd4 8. Nxd4 Qa5 9. e4 Nxd4 10. Qxd4 d6 11. Qd2 Qh5 12. Nd5 Nxd5 13. exd5 Bh3 14. Re1 Rac8 15. Rxe7 Rxc4 16. Bxh3 Qxh3 17. Qe2 Rc5 18. Be3 Rxd5 19. Rxb7 Rh5 20. f4 Re8 21. Rb3 Rxe3 22. Rb8+ Bf8 23. Qxe3 Qxh2+ 24. Kf1 Qh1+ 25. Qg1 Qf3+ 0-1